|
|
|
|
| LEADER |
00000nam0a2200000 4500 |
| 001 |
262068 |
| 005 |
20231031221905.0 |
| 035 |
|
|
|a (RuTPU)RU\TPU\book\285050
|
| 035 |
|
|
|a RU\TPU\book\285036
|
| 090 |
|
|
|a 262068
|
| 100 |
|
|
|a 20140529d1962 m y0rusy50 ca
|
| 101 |
0 |
|
|a rus
|
| 102 |
|
|
|a RU
|
| 105 |
|
|
|a a j 000zy
|
| 200 |
1 |
|
|a Практикум по общей и неорганической химии
|e учебное пособие
|h Ч. 1 : Основные понятия химии. Общие закономерности химических процессов
|f А. А. Кудрявцев [и др.]
|g Московский химико-технологический институт им. Д. И. Менделеева (МХТИ) ; под ред. М. Х. Карапетьянца и С. И. Дракина
|
| 210 |
|
|
|a Москва
|c Изд-во МХТИ
|d 1962
|
| 215 |
|
|
|a 83 с.
|c ил.
|
| 333 |
|
|
|a Исключено из фонда НТБ ТПУ
|
| 701 |
|
1 |
|a Кудрявцев
|b А. А.
|
| 701 |
|
1 |
|a Селиванова
|b Н. М.
|
| 701 |
|
1 |
|a Дракин
|b С. И.
|
| 701 |
|
1 |
|a Майер
|b А. И.
|
| 701 |
|
1 |
|a Самплавская
|b К. К.
|
| 701 |
|
1 |
|a Солохин
|b В. А.
|
| 701 |
|
1 |
|a Стаханова
|b М. С.
|
| 702 |
|
1 |
|a Карапетьянц
|b М. Х.
|4 340
|
| 702 |
|
1 |
|a Дракин
|b С. И.
|4 340
|
| 712 |
0 |
2 |
|a Московский химико-технологический институт им. Д. И. Менделеева (МХТИ)
|2 stltpush
|3 (RuTPU)RU\TPU\col\1701
|
| 801 |
|
1 |
|a RU
|b 63413507
|c 20021126
|g PSBO
|
| 801 |
|
2 |
|a RU
|b 63413507
|c 20221017
|g PSBO
|
| 942 |
|
|
|c BK
|